000 00488nam a2200169Ia 4500
008 240729s9999 xx 000 0 und d
022 _a2186-2494
245 0 _aJNET
260 _aJapan
260 _bThe Japanese Society for Neuroendovascular Therapy
650 _a Internal medicine
650 _a Neurosciences. Biological psychiatry. Neuropsychiatry
650 _aMedicine
856 _uhttps://doaj.org/toc/b843926d44fe4e739704331c3b5fd8f9
942 _2ddc
942 _cDOAJEJ
999 _c70107
_d70107
945 _a1
_bMadushi Gamage
_c1
_dMadushi Gamage